| 000 -LEADER |
| fixed length control field |
01864cam a2200445 a 4500 |
| 001 - CONTROL NUMBER |
| control field |
17476758 |
| 003 - CONTROL NUMBER IDENTIFIER |
| control field |
Nust |
| 005 - DATE AND TIME OF LATEST TRANSACTION |
| control field |
20231003172240.0 |
| 008 - FIXED-LENGTH DATA ELEMENTS--GENERAL INFORMATION |
| fixed length control field |
120927s2012 enka b 001 0 eng d |
| 010 ## - LIBRARY OF CONGRESS CONTROL NUMBER |
| LC control number |
2012454575 |
| 015 ## - NATIONAL BIBLIOGRAPHY NUMBER |
| National bibliography number |
GBB204007 |
| Source |
bnb |
| 016 7# - NATIONAL BIBLIOGRAPHIC AGENCY CONTROL NUMBER |
| Record control number |
016009744 |
| Source |
Uk |
| 020 ## - INTERNATIONAL STANDARD BOOK NUMBER |
| International Standard Book Number |
9781107013070 |
| 035 ## - SYSTEM CONTROL NUMBER |
| System control number |
(OCoLC)ocn773429642 |
| 040 ## - CATALOGING SOURCE |
| Original cataloging agency |
UKMGB |
| Transcribing agency |
UKMGB |
| Modifying agency |
ERASA |
| -- |
YDXCP |
| -- |
BWX |
| -- |
YNK |
| -- |
CDX |
| -- |
TXH |
| -- |
WAU |
| -- |
ZCU |
| -- |
XII |
| -- |
DLC |
| 041 1# - LANGUAGE CODE |
| Language code of text/sound track or separate title |
eng |
| Language code of original |
chi |
| 042 ## - AUTHENTICATION CODE |
| Authentication code |
lccopycat |
| 043 ## - GEOGRAPHIC AREA CODE |
| Geographic area code |
a-cc--- |
| 082 04 - DEWEY DECIMAL CLASSIFICATION NUMBER |
| Classification number |
951 |
| Author Mark |
HIS |
| 100 ## - MAIN ENTRY--PERSONAL NAME |
| Personal name |
Yuan Xingpei, yan Wenming; |
| 9 (RLIN) |
118318 |
| 130 0# - MAIN ENTRY--UNIFORM TITLE |
| Uniform title |
Zhonghua wen ming zhi guang. |
| Language of a work |
English |
| 9 (RLIN) |
14238 |
| 245 14 - TITLE STATEMENT |
| Title |
The history of Chinese civilization / |
| Statement of responsibility, etc. |
Yuan Xingpei; |
| 260 ## - PUBLICATION, DISTRIBUTION, ETC. |
| Place of publication, distribution, etc. |
Cambridge ; |
| -- |
New York : |
| Name of publisher, distributor, etc. |
Cambridge University Press, |
| Date of publication, distribution, etc. |
2012. |
| 300 ## - PHYSICAL DESCRIPTION |
| Extent |
xxi, 766 p. |
| Other physical details |
ill. (some col.) ; |
| Dimensions |
24 cm. |
| 490 1# - SERIES STATEMENT |
| Series statement |
The Cambridge China library |
| 500 ## - GENERAL NOTE |
| General note |
"Originally published by Peking University Press as History of Chinese civilization, 2006"--T.p. verso. |
| 505 0# - FORMATTED CONTENTS NOTE |
| Formatted contents note |
v. 1. Earliest times-221 B.C.E. / volume editor, Yan Wenming -- v. 2. Qin, Han, Wei, Jin, and the Northern and Southern dynasties / volume editor, Zhang Chuanxi -- v. 3. Sui and Tang to mid-Ming dynasties (581-1525) / volume editor Yuan Xingpei -- v. 4. Late Ming and Qing dynasties (1525-1911) / volume editor, Lou Yulie. |
| 546 ## - LANGUAGE NOTE |
| Language note |
Translated from the Chinese. |
| 651 #0 - SUBJECT ADDED ENTRY--GEOGRAPHIC NAME |
| Geographic name |
China |
| General subdivision |
Civilization. |
| 9 (RLIN) |
12672 |
| 700 1# - ADDED ENTRY--PERSONAL NAME |
| Personal name |
Yuan, Xingpei. |
| 9 (RLIN) |
14239 |
| 700 1# - ADDED ENTRY--PERSONAL NAME |
| Personal name |
Knechtges, David R. |
| 9 (RLIN) |
14240 |
| 700 1# - ADDED ENTRY--PERSONAL NAME |
| Personal name |
Yan, Wenming. |
| 9 (RLIN) |
14241 |
| 700 1# - ADDED ENTRY--PERSONAL NAME |
| Personal name |
Zhang, Chuanxi. |
| 9 (RLIN) |
14242 |
| 700 1# - ADDED ENTRY--PERSONAL NAME |
| Personal name |
Deng, Xiaonan. |
| 9 (RLIN) |
14243 |
| 700 1# - ADDED ENTRY--PERSONAL NAME |
| Personal name |
Lou, Yulie. |
| 830 #0 - SERIES ADDED ENTRY--UNIFORM TITLE |
| Uniform title |
Cambridge China library. |
| 9 (RLIN) |
14245 |
| 906 ## - LOCAL DATA ELEMENT F, LDF (RLIN) |
| a |
7 |
| b |
cbc |
| c |
copycat |
| d |
1 |
| e |
ncip |
| f |
20 |
| g |
y-gencatlg |
| 942 ## - ADDED ENTRY ELEMENTS (KOHA) |
| Source of classification or shelving scheme |
|
| Koha item type |
Book |